International lights, shapes and sound signals / (Record no. 98)
[ view plain ]
| 000 -LEADER | |
|---|---|
| fixed length control field | 00486nam a2200157Ia 4500 |
| 008 - FIXED-LENGTH DATA ELEMENTS--GENERAL INFORMATION | |
| fixed length control field | 190805s9999||||xx |||||||||||||| ||und|| |
| 020 ## - INTERNATIONAL STANDARD BOOK NUMBER | |
| International Standard Book Number | 540072710 |
| Terms of availability | Rs. 600.00 |
| 082 04 - DEWEY DECIMAL CLASSIFICATION NUMBER | |
| Classification number | 623.894 |
| Item number | M7811 |
| 100 1# - MAIN ENTRY--PERSONAL NAME | |
| Personal name | Moore, D. A. |
| 245 10 - TITLE STATEMENT | |
| Title | International lights, shapes and sound signals / |
| 260 ## - PUBLICATION, DISTRIBUTION, ETC. (IMPRINT) | |
| Place of publication, distribution, etc | London : |
| Name of publisher, distributor, etc | Stanford Maritime Ltd., |
| Date of publication, distribution, etc | 1976 |
| 300 ## - PHYSICAL DESCRIPTION | |
| Extent | 143 p. |
| Other physical details | : col. ill. |
| Dimensions | ; 25 cm. |
| 650 #0 - SUBJECT ADDED ENTRY--TOPICAL TERM | |
| Topical term or geographic name as entry element | Signals and signaling |
| General subdivision | Standards |
| 852 ## - LOCATION/CALL NUMBER | |
| Location | |
| 942 ## - ADDED ENTRY ELEMENTS (KOHA) | |
| Item type | Books |
| Withdrawn status | Lost status | Damaged status | Not for loan | Collection code | Permanent location | Current location | Shelving location | Date acquired | Source of acquisition | Cost, normal purchase price | Total Checkouts | Full call number | Barcode | Date last seen | Date last borrowed | Koha item type | Public note | Source of classification or shelving scheme | Total Renewals |
|---|---|---|---|---|---|---|---|---|---|---|---|---|---|---|---|---|---|---|---|
| Nautical Science | IMU Kochi Library | IMU Kochi Library | General Stacks | 2017-05-18 | Sterling Book House | 600.00 | 1 | 623.894 M7811 | BK002978 | 2023-08-09 | 2023-08-09 | Books | Gen. Shelf-14, Row-6 | ||||||
| Nautical Science | IMU Kochi Library | IMU Kochi Library | General Stacks | 2017-05-18 | Sterling Book House | 600.00 | 4 | 623.894 M7811 | BK002979 | 2024-12-02 | 2024-11-14 | Books | Shelf-12, Row-3 | 2 | |||||
| Nautical Science | IMU Kochi Library | IMU Kochi Library | General Stacks | 2017-07-25 | Sterling Book House | 600.00 | 623.894 M7811 | BK004265 | 2019-08-05 | Books | Gen. Shelf-14, Row-6 | ||||||||
| Nautical Science | IMU Kochi Library | IMU Kochi Library | General Stacks | 2017-07-25 | Sterling Book House | 600.00 | 3 | 623.894 M7811 | BK004266 | 2023-03-20 | 2023-03-09 | Books | Gen. Shelf-14, Row-6 | ||||||
| Nautical Science | IMU Kochi Library | IMU Kochi Library | Reference | 2017-05-18 | Sterling Book House | 600.00 | 623.894 M7811 | BK002977 | 2019-08-05 | Books | Shelf-2, Row-3 |